Winter Olympic Sports - Sudden Death - Statistics

General Stats
  • This quiz has been taken 88 times
  • The average score is 4 of 9
Answers on the Grid
Answers color-coded by a green-red scale on the quiz's grid according to % correct below.
20km Skiathlon
Ice Hurdles
Halfpipe
Moguls
Skeleton Luge
Downhill Skiathlon
Speed Skating 1000m
Ski Jumping
Uphill Bobsleigh
Cross Country Skiing
Speed Skating 100m
Bobsleigh
Ice Hockey
Ski Sledding
Curling
 
Answer Stats
Answer % Correct
Curling
60%
Ice Hockey
60%
Bobsleigh
58%
Halfpipe
51%
Ski Jumping
47%
Cross Country Skiing
42%
Speed Skating 1000m
37%
Moguls
33%
20km Skiathlon
14%
No matching quizzes found
Score Distribution
Percent of People with Each Score
Percentile by Number Answered
Your Score History
You have not taken this quiz